20th Century Presidents - Video Game Style - Statistics

General Stats
  • This quiz has been taken 37 times
  • The average score is 16 of 18
Answer Stats
Term Years President % Correct
1933-1945 Franklin D. Roosevelt
100%
1961-1963 John F. Kennedy
100%
1901-1909 Theodore Roosevelt
100%
1993-2001 Bill Clinton
97%
1989-1993 George H. W. Bush
97%
1953-1961 Dwight D. Eisenhower
94%
1969-1974 Richard Nixon
94%
1974-1977 Gerald Ford
91%
1945-1953 Harry S. Truman
91%
1977-1981 Jimmy Carter
91%
1981-1989 Ronald Reagan
91%
1963-1969 Lyndon B. Johnson
89%
1929-1933 Herbert Hoover
86%
1913-1921 Woodrow Wilson
86%
1909-1913 William H. Taft
74%
1923-1929 Calvin Coolidge
71%
1921-1923 Warren G. Harding
60%
1897-1901 William Mckinley
51%
No matching quizzes found
Score Distribution
Percent of People with Each Score
Percentile by Number Answered
Your Score History
You have not taken this quiz